000 00754nam a2200229Ia 4500
003 OSt
005 20220923224107.0
006 a|||||r|||| 00| 0
007 ta
008 Pun
024 _a225,528
037 _cTextual
040 _aARTS
_cARTS
_bPun
041 _2Pun
_aPun
082 _aQ8441:33.I69xy, 153P3-;1
100 _aਬ੍ਰਹਮਜਗਦੀF ਸਿੰਘ
245 0 _aਜਪੁਜੀ ਵਿਚਾਰਧਾਰਾ, ਪ੍ਰਰੰਧ ਅਤੇ ਪਾਠ
260 _aਅੰਮ੍ਰਿਤਸਰ
_b ਵਾਰਿਸ Fਾਹ ਖ਼ਾਊਜ਼ਡੇFਨ
_c2003
300 _a144ਪੰ
_ccm.
942 _hQ8441:33.I69xy, 153P3-;1
_cTEXL
_2CC
999 _c369166
_d369166